| 000 | 00483nam a22001817a 4500 | ||
|---|---|---|---|
| 005 | 20260424134308.0 | ||
| 008 | 260424b |||||||| |||| 00| 0 eng d | ||
| 037 | _cDSWL | ||
| 040 |
_aDSWL _cDSWL |
||
| 041 | _hHindi | ||
| 100 |
_aकामना सिंह _91235682 |
||
| 245 | _aअपना घर | ||
| 260 |
_aNew Delhi, _bNational Book Trust, _c2015 |
||
| 300 | _a54p | ||
| 365 |
_aINR _b80 |
||
| 942 |
_2CC _cTEXL _n0 |
||
| 999 |
_c1848519 _d1848519 |
||